00894 a2200205 45000010006000000050017000060080041000230030015000640400040000790800059001192450115001782500012002932640048003053000019003535050155003720410008005271000024005357000017005598560112005762886220260407155557.0260407a2011 arg spa dAR-UNSa-BCEJYS aAR-UNSa-BCEJYSbspacAR-UNSa-BCEJYS a17xFilosofía moral. Ética. Filosofía práctica10aPrimero la gentepuna mirada desde la ética del desarrollo a los principales problemas del mundo globalizado a9a. ed. 1aBuenos Aires :bTemas Grupo Editorialc2011 a348 p.c22 cm. a1. Temas claves del siglo XXI - 2. Los desafíos éticos abiertos en un continente paradojal - 3. Las religiones y la deuda social de nuestro tiempo aspa1 aKliksberg, Bernardo1 aSen, Amartya41uhttps://biblioeco.unsa.edu.ar/pmb/images/libros/Primero la gente-L118273.jpgyImagen de portadaqimage/jpeg